College Football- Sun Bowl Champions Since 1960 - Statistics

General Stats
  • This quiz has been taken 129 times
    8 since last reset
  • The average score is 56 of 67
Answer Stats
Hint Answer % Correct
1983 Alabama
100%
1986 Alabama
100%
1988 Alabama
100%
1985 (Tie) Arizona
100%
1997 Arizona State
100%
2004 Arizona State
100%
2014 Arizona State
100%
2019 Arizona State
100%
1964 Georgia
100%
1985 (Tie) Georgia
100%
2003 Minnesota
100%
2017 NC State
100%
1969 Nebraska
100%
1980 Nebraska
100%
1972 North Carolina
100%
1982 North Carolina
100%
1981 Oklahoma
100%
1993 Oklahoma
100%
2009 Oklahoma
100%
1987 Oklahoma State
100%
1963 Oregon
100%
1999 Oregon
100%
2007 Oregon
100%
2006 Oregon State
100%
2008 Oregon State
100%
2002 Purdue
100%
1978 Texas
100%
1994 Texas
100%
1977 (Jan) Texas A&M
100%
1991 UCLA
100%
2005 UCLA
100%
2013 UCLA
100%
1979 Washington
100%
2001 Washington State
100%
2015 Washington State
100%
2000 Wisconsin
100%
1968 Auburn
83%
1992 Baylor
83%
1970 Georgia Tech
83%
2012 Georgia Tech
83%
1995 Iowa
83%
1971 LSU
83%
1974 Mississippi State
83%
2010 Notre Dame
83%
2023 Notre Dame
83%
1965 Texas Western
83%
1967 UTEP
83%
1962 West Texas State
83%
2025 Duke
67%
2024 Louisville
67%
1984 Maryland
67%
1990 Michigan State
67%
1960 New Mexico State
67%
1977 Stanford
67%
1996 Stanford
67%
2016 Stanford
67%
2018 Stanford
67%
1998 TCU
67%
2011 Utah
67%
1973 Missouri
50%
1975 Pittsburgh
50%
1989 Pittsburgh
50%
2022 Pittsburgh
50%
1966 Wyoming
50%
2021 Central Michigan
33%
2020 Not held
17%
1961 Villanova
0%
No matching quizzes found
Score Distribution
Percent of People with Each Score
Percentile by Number Answered
Your Score History
You have not taken this quiz since the last reset